000 00369nam a22001577a 4500
003 MPLRDC
005 20220104123601.0
008 210129b ||||| |||| 00| 0 eng d
082 _a294.1 LZ
100 _a林真
245 _a办公室与店铺风水
_c
260 _a
_b林歌出版社
_c1997
300 _b
650 _a堪舆--相宅
942 _cBK
_o294.1 LZ
999 _c12569
_d12559